| 000 | 00406nam a2200145 a 4500 | ||
|---|---|---|---|
| 005 | 20140414131852.0 | ||
| 008 | 100807s19uu xx 00 eng d | ||
| 050 |
_aM 629.22 _bW63 1997 |
||
| 100 | _aWildig, Alan | ||
| 245 | _aThe motor car. | ||
| 260 |
_aMaine : _bLadybird, _c1982. |
||
| 440 | _aHow it works... | ||
| 650 |
_aAutomobiles - _xMaintenance and repair. _xJuvenile literature |
||
| 999 |
_c110264 _d110264 |
||